<?xml version="1.0" encoding="UTF-8"?>
<record
    xmlns:xsi="http://www.w3.org/2001/XMLSchema-instance"
    xsi:schemaLocation="http://www.loc.gov/MARC21/slim http://www.loc.gov/standards/marcxml/schema/MARC21slim.xsd"
    xmlns="http://www.loc.gov/MARC21/slim">

  <leader>01646nam a22002417a 4500</leader>
  <controlfield tag="003">OSt</controlfield>
  <controlfield tag="005">20180530091951.0</controlfield>
  <controlfield tag="008">180226b        xxu||||| |||| 00| 0 spa d</controlfield>
  <datafield tag="020" ind1=" " ind2=" ">
    <subfield code="a">9789871419838</subfield>
  </datafield>
  <datafield tag="040" ind1=" " ind2=" ">
    <subfield code="c">PJ</subfield>
  </datafield>
  <datafield tag="100" ind1=" " ind2=" ">
    <subfield code="9">847</subfield>
    <subfield code="a">Maraniello, Patricio Alejandro</subfield>
  </datafield>
  <datafield tag="245" ind1="1" ind2="0">
    <subfield code="a">Derecho internacional p&#xFA;blico /</subfield>
    <subfield code="c">Patricio A. Maraniello, Silvia N. Cohn.</subfield>
  </datafield>
  <datafield tag="260" ind1=" " ind2=" ">
    <subfield code="a">Buenos Aires :</subfield>
    <subfield code="b">C&#xE1;thedra Jur&#xED;dica, </subfield>
    <subfield code="c">2014.</subfield>
  </datafield>
  <datafield tag="300" ind1=" " ind2=" ">
    <subfield code="a">2 v.</subfield>
    <subfield code="c">22 cm.</subfield>
  </datafield>
  <datafield tag="500" ind1=" " ind2=" ">
    <subfield code="a">Notas y citas a pie de p&#xE1;gina</subfield>
  </datafield>
  <datafield tag="505" ind1=" " ind2=" ">
    <subfield code="a">v. 1: Supremac&#xED;a constitucional de cara a los fen&#xF3;menos de la integraci&#xF3;n -- Atribuciones y funciones de los jueces en el siglo XXI -- Derecho de integraci&#xF3;n en su relaci&#xF3;n con el derecho comunitario e internacional -- &#xD3;rganos del derecho internacional -- Derechos humanos -- Tribunales jurisdiccionales de derechos humanos -- Derecho comunitario en su relaci&#xF3;n con el derecho internacional -- Fuentes del derecho comunitario -- Principios del derecho comunitario -- Instituciones del derecho comunitario -- Protecci&#xF3;n de los derechos fundamentales.  
v. 2: Derecho de integraci&#xF3;n -- Origen y evoluci&#xF3;n del Mercosur -- Soluci&#xF3;n de controversias en el Mercosur -- El Parlatino y el Parlasur -- Otras comunidades regionales de Am&#xE9;rica -- Principios del derecho de integraci&#xF3;n -- El derecho laboral y el derecho de la integraci&#xF3;n -- Procedimiento y ejecuci&#xF3;n en el derecho interno.</subfield>
  </datafield>
  <datafield tag="650" ind1=" " ind2="0">
    <subfield code="9">331</subfield>
    <subfield code="a">DERECHO INTERNACIONAL PUBLICO</subfield>
  </datafield>
  <datafield tag="650" ind1=" " ind2="0">
    <subfield code="9">332</subfield>
    <subfield code="a">DERECHO COMUNITARIO</subfield>
  </datafield>
  <datafield tag="650" ind1=" " ind2="0">
    <subfield code="9">313</subfield>
    <subfield code="a">INTEGRACION INTERNACIONAL</subfield>
  </datafield>
  <datafield tag="650" ind1=" " ind2="0">
    <subfield code="9">301</subfield>
    <subfield code="a">MERCOSUR</subfield>
  </datafield>
  <datafield tag="700" ind1=" " ind2=" ">
    <subfield code="9">848</subfield>
    <subfield code="a">Cohn, Silvia N.</subfield>
  </datafield>
  <datafield tag="942" ind1=" " ind2=" ">
    <subfield code="2">udc</subfield>
    <subfield code="c">LIB</subfield>
    <subfield code="h">341.1/.8 </subfield>
    <subfield code="i">MAR</subfield>
  </datafield>
  <datafield tag="999" ind1=" " ind2=" ">
    <subfield code="c">613</subfield>
    <subfield code="d">613</subfield>
  </datafield>
  <datafield tag="952" ind1=" " ind2=" ">
    <subfield code="0">0</subfield>
    <subfield code="1">0</subfield>
    <subfield code="2">udc</subfield>
    <subfield code="4">0</subfield>
    <subfield code="7">0</subfield>
    <subfield code="a">DJS</subfield>
    <subfield code="b">DJS</subfield>
    <subfield code="d">2018-05-30</subfield>
    <subfield code="h">V. 1</subfield>
    <subfield code="l">1</subfield>
    <subfield code="o">341.1/.8 MAR </subfield>
    <subfield code="p">6158</subfield>
    <subfield code="r">2020-09-04</subfield>
    <subfield code="s">2020-09-04</subfield>
    <subfield code="w">2018-05-30</subfield>
    <subfield code="y">LIB</subfield>
  </datafield>
  <datafield tag="952" ind1=" " ind2=" ">
    <subfield code="0">0</subfield>
    <subfield code="1">0</subfield>
    <subfield code="2">udc</subfield>
    <subfield code="4">0</subfield>
    <subfield code="7">0</subfield>
    <subfield code="a">DJS</subfield>
    <subfield code="b">DJS</subfield>
    <subfield code="d">2018-05-30</subfield>
    <subfield code="h">V. 2</subfield>
    <subfield code="o">341.1/.8 MAR </subfield>
    <subfield code="p">6159</subfield>
    <subfield code="r">2018-05-30</subfield>
    <subfield code="w">2018-05-30</subfield>
    <subfield code="y">LIB</subfield>
  </datafield>
</record>
